• 首页
  • 本馆介绍
  • 公告通知
  • 最新文献
  • 馆藏检索
  • 电子资源
  • 读者导购
  • 参考咨询
  • 我的图书馆
  • 登录
  • 详细信息显示
  • 放入我的书架
  • 预约/预借图书
  • 作者相关作品
  • 分类相关作品
  • 丛书相关作品
  • 出版社相关作品

书目信息

  • 表格格式
  • 工作单格式
  • 卡片格式
题名:
狄金森诗全集
    
 
作者: 狄金森 著 ;蒲隆 译
分册: 卷一  
出版信息: 上海   上海译文出版社有限公司  2020.07
页数: 356页
开本: 20cm
丛书名:
单 册:
中图分类: I712.24
科图分类:
主题词: 诗集--美国--近代
电子资源:
ISBN: 978-7-5327-8459-2
000 01182nam0 2200265 450
001 0102100420
005 20210406091012.51
010    @a978-7-5327-8459-2@b精装@dCNY100.00
100    @a20200919d2020 em y0chiy50 ea
101 1  @achi@ceng
102    @aCN@b310000
105    @ay z 001gy
106    @ar
200 1  @a狄金森诗全集@Adi jin sen shi quan ji@dThe complete poems of Emily Dickinson@h卷一@f蒲隆译@zeng
210    @a上海@c上海译文出版社有限公司@d2020.07
215    @a356页@d20cm
314    @a版权页题:(美)艾米莉·狄金森著
330    @a艾米莉·狄金森诗风凝炼,比喻尖新,生前只发表过10首诗,默默无闻,死后近70年开始得到文学界的认真关注,被现代派诗人追认为先驱,与同时代的惠特曼一同被奉为美国最伟大诗人。本诗全集分三卷,完整编译了约翰逊主编与富兰克林主编的两个版本的狄金森诗全集,两版的差异之处都有注释说明,此外译者还详尽考证了多首重要诗作的写作背景并附于对应的诗文之后。
510 1  @aComplete poems of Emily Dickinson@zeng
606 0  @a诗集@y美国@z近代
690    @aI712.24@v5
701  0 @c(美)@a狄金森@Adi jin sen@c(Dickinson, Emily@f1830-1886)@4著
702  0 @a蒲隆@Apu long@4译
801  0 @aCN@bBJSZM@c20210402
905    @b1275868-70@dI712.24@e1405:1@f3
    
    狄金森诗全集=The complete poems of Emily Dickinson.卷一/蒲隆译.-上海:上海译文出版社有限公司,2020.07
    356页;20cm
    
    
    ISBN 978-7-5327-8459-2(精装):CNY100.00
    艾米莉·狄金森诗风凝炼,比喻尖新,生前只发表过10首诗,默默无闻,死后近70年开始得到文学界的认真关注,被现代派诗人追认为先驱,与同时代的惠特曼一同被奉为美国最伟大诗人。本诗全集分三卷,完整编译了约翰逊主编与富兰克林主编的两个版本的狄金森诗全集,两版的差异之处都有注释说明,此外译者还详尽考证了多首重要诗作的写作背景并附于对应的诗文之后。
●
相关链接 在E读中查询图书 在五车中查询图书 在当当中查询图书 在豆瓣中查询图书


正题名:狄金森诗全集     索取号:I712.24/1405:1         预约/预借

序号 登录号 条形码 馆藏地/架位号 状态 备注
1 1275868   212758684   第一样本阅览室/ [索取号:I712.24/1405:1] 在馆    
2 1275869   212758693   教育系资料室/ [索取号:I712.24/1405:1] 在馆    
3 1275870   212758700   教育系资料室/ [索取号:I712.24/1405:1] 在馆    
唐山师范学院图书馆 欢迎您!
大连网信软件有限公司© 版权所有